000 00963nas a2200325 4500
001 BR0301939
003 BR-BrBNA
005 20231205103711.0
007 ta
008 230509b bl.|||p| |||| 00| 00por d
040 _aBR-BrBNA
_bpor
_cBiblioteca Nacional de Agricultura
041 _a(Pt)
072 _aL70; L53
100 1 _aChalhoub, M.
100 1 _aPrestes, N.C.
100 1 _aLopes, M.D.
100 1 _aTrinca, L.A.
100 1 _aRibeiro Filho, A.L.
245 1 _aDiagnóstico de gestação e quantificação embrionária/fetal por meio de avaliação ultra-sonográfica transretal em ovinos
650 _aOVINO
650 _aPRENHEZ
650 _aDIAGNÓSTICO
650 _aEMBRIÃO
650 _aANÁLISE QUANTITATIVA
650 _aULTRA-SOM
650 _aRETO
773 0 _tArs Veterinária (Brazil)
_xISSN 0102-6380
_g(Apr 2001), v. 17(1) p. 17-21
_wBR0301939
909 _a202311
_bLúcia
_c55
_dLúcia Elande
942 _2AGRIS
_n0
_cANA
999 _c174279
_d174279